The splendors of Tibet /

Bibliographic Details
Main Author: Topping, Audrey
Format: Book
Language:English
Published: New York, N.Y. : SINO Pub. Co., [1980]
Edition:1st ed.
Subjects:

MARC

Tag First Indicator Second Indicator Subfields
LEADER 00000cam a22000008a 4500
001 in00000071540
005 20151008062255.0
008 800902s1980 nyuab 00110aengm
010 |a  80021989  
020 |a 0865190038 :  |c $25.00 
035 |a (OCoLC)06735462 
035 |9 AAJ9877AM 
040 |a DLC  |c DLC  |d TXA  |d UtOrBLW 
043 |a a-cc-ti 
049 |a TXAM  |c [800553] 
050 0 0 |a DS786  |b .T63 
082 0 |a 951/.5  |2 19 
100 1 |a Topping, Audrey. 
245 1 4 |a The splendors of Tibet /  |c text and photographs by Audrey Topping ; foreword by Seymour Topping. 
250 |a 1st ed. 
263 |a 8010 
264 1 |a New York, N.Y. :  |b SINO Pub. Co.,  |c [1980] 
264 4 |c ©1980 
300 |a 185 pages :  |b illustrations (some color), map ;  |c 29 cm. 
336 |a text  |b txt  |2 rdacontent 
337 |a unmediated  |b n  |2 rdamedia 
338 |a volume  |b nc  |2 rdacarrier 
500 |a Includes index. 
600 1 0 |a Topping, Audrey. 
651 0 |a Tibet Autonomous Region (China)  |x Description and travel. 
999 |a MARS 
999 f f |s a3164ceb-15e0-359f-8e16-e2673dd4d6cb  |i 9b35637b-186a-3729-abaf-18e44ce518f8  |t 0 
952 f f |p ric  |a Texas A&M University  |b Rellis Campus  |c Joint Library Facility  |d Remote Storage  |t 0  |e DS786 .T63  |h Library of Congress classification  |i unmediated -- volume  |m A14806102629 
998 f f |a DS786 .T63  |t 0  |l Remote Storage